000 00958nam a22002537a 4500
001 7892
003 FISKH
005 20250813100410.0
008 250813b cb ||||| |||| 00| 0 eng d
040 _aFISKH
_beng
_cFISKH
_dFISKH
050 _aPZ7
082 _a428.623
100 _aHicks, Laurel
245 _aHidden treasure /
_cBy Laurel Hicks
260 _aFlorida :
_bBeka Book Publications ,
_c2019.
300 _a121 pages :
_bcolor illustrations ;
_c26 cm .
505 _aP
520 _aThis book in THE CHRISTIAN READING SERIES will return to America's classrooms the great children classics which have been almost universally excluded from textbooks in recent years . The stories in each readers has been selected from the best readers of America's past and have been edited.
521 8 _a640
_bLexile estimate
521 8 _aP
_bRaz-Plus
650 _aPhonics
_vJuvenile Literature
942 _2ddc
_cBK
_n0
999 _c7892
_d7892